[Event "Mlada Boleslav ATMOS op"]
[Site "Mlada Boleslav"]
[Date "2007.08.04"]
[Round "8"]
[White "Burianek, Tomas"]
[Black "Dolezal, Jiri1"]
[Result "1-0"]
[WhiteElo "1954"]
[BlackElo "1769"]
[PlyCount "87"]
[EventDate "2007.07.30"]
[EventType "swiss"]
[EventRounds "9"]
[EventCountry "CZE"]
[SourceTitle "EXT 2010"]
[Source "ChessBase"]
[SourceDate "2010.11.25"]
[SourceVersion "1"]
[SourceVersionDate "2010.11.25"]
[SourceQuality "1"]

1. e4 d5 2. exd5 Nf6 3. d3 Nxd5 4. g3 g6 5. Bg2 c6 6. c3 Bg7 7. d4 0-0 8. Nf3 Bg4 9. 0-0 Qd7 10. Re1 Re8 11. Nbd2 Qf5 12. Qb3 Qc8 13. Ne5 Be6 14. Qc2 Bf5 15. Qd1 Nf6 16. Ndf3 Bh3 17. Ng5 Bxg2 18. Kxg2 Rf8 19. Qb3 e6 20. Nc4 h6 21. Nf3 Rd8 22. Nce5 Nbd7 23. h3 Nxe5 24. Nxe5 Nd5 25. c4 Nb6 26. Be3 Nd7 27. Ng4 Kh7 28. Rad1 h5 29. Nh2 Nf6 30. Bg5 Rd7 31. Qf3 Ng8 32. Be3 Bh6 33. g4 Bxe3 34. Qxe3 Qd8 35. gxh5 gxh5 36. Nf3 Qf6 37. Rg1 Nh6 38. Ng5+ Kh8 39. Kh2 Rad8 40. Ne4 Nf5 41. Nxf6 Nxe3 42. fxe3 Rc7 43. Rg5 c5 44. Rdg1 1-0

[Event "Mlada Boleslav ATMOS op"]
[Site "Mlada Boleslav"]
[Date "2007.08.02"]
[Round "5"]
[White "Burianek, Tomas"]
[Black "Berendsen, Markus"]
[Result "1/2-1/2"]
[WhiteElo "1954"]
[BlackElo "2122"]
[PlyCount "39"]
[EventDate "2007.07.30"]
[EventType "swiss"]
[EventRounds "9"]
[EventCountry "CZE"]
[SourceTitle "EXT 2010"]
[Source "ChessBase"]
[SourceDate "2010.11.25"]
[SourceVersion "1"]
[SourceVersionDate "2010.11.25"]
[SourceQuality "1"]

1. d4 Nf6 2. c4 c5 3. d5 b5 4. cxb5 a6 5. g3 d6 6. b6 Qxb6 7. Bg2 g6 8. Nc3 Bg7 9. Qc2 0-0 10. e4 Nbd7 11. b3 Rb8 12. Bb2 Re8 13. Nge2 e6 14. dxe6 fxe6 15. 0-0 Ng4 16. Rad1 Nge5 17. Kh1 Nc6 18. Na4 Qa7 19. Bc3 Bf8 20. Qd2 1/2-1/2

[Event "Mlada Boleslav ATMOS op"]
[Site "Mlada Boleslav"]
[Date "2007.07.31"]
[Round "3"]
[White "Burianek, Tomas"]
[Black "Horackova, Alena"]
[Result "1-0"]
[WhiteElo "1954"]
[BlackElo "1462"]
[PlyCount "119"]
[EventDate "2007.07.30"]
[EventType "swiss"]
[EventRounds "9"]
[EventCountry "CZE"]
[SourceTitle "EXT 2010"]
[Source "ChessBase"]
[SourceDate "2010.11.25"]
[SourceVersion "1"]
[SourceVersionDate "2010.11.25"]
[SourceQuality "1"]

1. d4 d5 2. Nf3 Nf6 3. e3 c5 4. Bb5+ Bd7 5. a4 a6 6. Be2 Nc6 7. 0-0 e6 8. Nbd2 Qc7 9. c3 Bd6 10. dxc5 Bxc5 11. Bd3 0-0 12. Re1 Rad8 13. Qc2 Ne5 14. Be2 Ng6 15. Bd3 Bd6 16. e4 dxe4 17. Nxe4 Nxe4 18. Bxe4 f5 19. Bd3 Nf4 20. Bxf4 Bxf4 21. Qb3 Kh8 22. g3 Bd6 23. Ng5 Be7 24. Nxe6 Bxe6 25. Qxe6 Bc5 26. Rad1 Rf6 27. Qe2 h6 28. Bc2 Rxd1 29. Rxd1 g6 30. Qe8+ Bf8 31. Rd7 Qc6 32. Bb3 Qe4 33. Qxe4 fxe4 34. Rf7 Rxf7 35. Bxf7 Kg7 36. Bd5 b5 37. a5 Kf6 38. Bxe4 b4 39. c4 g5 40. b3 Bd6 41. Bb7 Bc7 42. Bxa6 Bxa5 43. Kg2 Ke5 44. Kf3 Bb6 45. Ke2 Kd4 46. Bb5 Ke4 47. Bc6+ Ke5 48. h3 Bc5 49. Kf3 Bd4 50. Ke2 Bc5 51. f3 Bd4 52. Kd3 Bf2 53. h4 gxh4 54. gxh4 Bxh4 55. c5 Be1 56. Kc4 h5 57. Kb5 Kd4 58. Bd7 Kd5 59. c6 Bg3 60. Kxb4 1-0

[Event "Czechia KP-chTA 0607"]
[Site "Czech Republic"]
[Date "2006.11.26"]
[Round "3.8"]
[White "Burianek, Tomas"]
[Black "Hampl, Jiri"]
[Result "0-1"]
[WhiteElo "1970"]
[BlackElo "1784"]
[PlyCount "68"]
[EventDate "2006.10.29"]
[EventType "team-tourn"]
[EventRounds "11"]
[EventCountry "CZE"]
[SourceTitle "EXT 2008"]
[Source "ChessBase"]
[SourceDate "2007.11.25"]
[SourceVersion "1"]
[SourceVersionDate "2007.11.25"]
[SourceQuality "1"]
[WhiteTeam "Emerge MB B"]
[BlackTeam "AS MB"]
[WhiteTeamCountry "CZE"]
[BlackTeamCountry "CZE"]

1. d4 e6 2. c4 d5 3. a3 Nf6 4. Nc3 c6 5. e3 Nbd7 6. Nf3 Be7 7. b4 0-0 8. c5 Qc7 9. Be2 e5 10. Bb2 e4 11. Nd2 h6 12. Qc2 Nh7 13. 0-0-0 f5 14. g3 Ndf6 15. h4 b6 16. Nb3 Be6 17. Kb1 Rfb8 18. Rc1 bxc5 19. dxc5 Bd7 20. Rhd1 Ng4 21. Bxg4 fxg4 22. Ne2 Bf6 23. Ned4 Nf8 24. Bc3 Ng6 25. Ka2 Ne5 26. Na5 Nd3 27. Rb1 Rf8 28. Be1 Bxd4 29. exd4 Rf3 30. Rb3 Raf8 31. Rbxd3 exd3 32. Qd2 Re8 33. Kb1 Re2 34. Qc1 Rc2 0-1